QCM: Culture Générale du Football #2: UEFA Champions League - Statistiques

Statistiques générales
  • Ce quiz a été pris 6 327 fois
  • Le résultat moyen est 14 sur 25
Statistiques - réponses
Question Réponse % Correct
Quelle équipe a remporté le plus la Champions League depuis sa création en 1956? Real Madrid
98%
Quel joueur est le meilleur buteur de l'Histoire de la compétition? Cristiano Ronaldo
97%
Qui l'a remportée et sur quel score? Real Madrid, 3-1
89%
Lequel des derbys suivant a déjà pris place lors d'une finale de Champions League? Real Madrid - Atletico Madrid
85%
Quelle était la finale de l'édition 2017/2018? Real Madrid - Liverpool
83%
Laquelle de ces équipes anglaises n'a jamais remporté le trophée? Arsenal
81%
Contre quelle équipe l'Olympique de Marseille a-t-il remporté la compétition? AC Milan
78%
Quelle équipe a le plus échoué en finale jusqu'à présent? Juventus
74%
Quelle est la première équipe à remporter la coupe 2X de suite? Real Madrid
73%
Quelle était la finale de la première édition de l'histoire? Real Madrid - Stade de Reims
70%
Qui est le meilleur buteur de l'édition 2017/2018? Cristiano Ronaldo
69%
Laquelle de ces finales n'a jamais eu lieu? Liverpool - FC Barcelone
68%
Quand le FC Barcelone a-t-il gagné sa première Ligue des Champions? 1991/92
44%
Quel est la première équipe du Royaume-Uni à avoir soulevé le trophée? Celtic Glasgow
40%
Laquelle des finales suivantes N'A PAS été décidée aux tirs aux buts? FC Barcelone - Sampdoria, 1992
40%
Quel joueur a disputé le plus de match, à ce jour, dans l"Histoire de la compétition? Iker Casillas
36%
Parmi ces finales, laquelle NE s'est PAS disputée plus d'une fois? Benfica Lisbonne - Real Madrid
35%
Sous quel nom connaît-on le mieux la finale dé l'édition 1984/1985 Drame du Heysel
31%
Quelle équipe détient le record du plus grand écart entre deux titres? Inter
31%
Quel est l'entraîneur ayant le plus de présence dans l'Histoire de la compétition? Sir Alex Ferguson
29%
Quelle est la particularité de la finale de l'édition 1973/74, remportée par le Bayern Munich au détriment de l'Atletico Madrid? C'est l'unique finale de l'Histoire à avoir été rejouée
28%
Parmi les villes suivantes, laquelle n'a jamais accueilli une finale de la compétition? Dortmund
28%
Quel joueur a remporté le plus la compétition? Francisco Gento
24%
Quel pays n'a jamais vu une de ses équipe figurer parmi les finalistes? Autriche
22%
Parmi ces équipes, laquelle n'a jamais disputé la finale? Dynamo Kiev
12%
Aucun quiz correspondant
Distribution des résultats
% des personnes avec chaque résultat
Percentile par nombre de réponses
Votre historique - résultats
Vous n’avez pas pris ce quiz